00347nam a2200121Ia 4500008004100000041001200041082001600053100001700069245007300086260003700159300000800196650002100204221030s9999 xx 000 0 und d aEnglish a105.23bSah aS. K. Sahdev 0aText Book of Electronic Principles ( DEPARTMENTAL )cby S. K. Sahdev bDhanpat Rai PubaNew Delhic1998 a627 aECE Departmental